MLB Teams with the Most World Series Wins - Statistics

General Stats
  • This quiz has been taken 46 times
  • The average score is 7 of 8
Answer Stats
Hint Answer % Correct
8 Dodgers
100%
27 Yankees
100%
5 Reds
98%
8 Giants
93%
9 Red Sox
90%
11 Cardinals
86%
5 Pirates
76%
9 Athletics
67%
No matching quizzes found
Score Distribution
Percent of People with Each Score
Percentile by Number Answered
Your Score History
You have not taken this quiz